|
|
|
|
| LEADER |
01181nam a2200265 a 4500 |
| 001 |
4489360 |
| 008 |
091122s1998 enka b 101 0 eng d |
| 010 |
|
|
|a \\\97021733
|
| 020 |
|
|
|a 0521580870
|
| 040 |
|
|
|a DLC
|c DLC
|d DLC
|
| 082 |
0 |
0 |
|a 330
|2 21
|
| 245 |
0 |
0 |
|a Economics, values, and organization /
|c edited by Avner Ben-Ner, Louis Putterman.
|
| 260 |
|
|
|a Cambridge ;
|a New York, NY :
|b Cambridge University Press,
|c 1998.
|
| 300 |
|
|
|a xxxiii, 523 p. :
|b ill. ;
|c 24 cm.
|
| 500 |
|
|
|a Revised versions of papers presented at the conference "Economics, Values, and Organization," held at Yale University on April 19-21, 1996.
|
| 504 |
|
|
|a Includes bibliographical references and index.
|
| 541 |
1 |
|
|e 00010939
|
| 650 |
|
0 |
|a Economics
|x Moral and ethical aspects
|x Congresses.
|
| 650 |
|
0 |
|a Social norms
|x Congresses.
|
| 650 |
|
0 |
|a Values
|x Congresses.
|
| 700 |
2 |
|
|a Ben-Ner, Avner.
|
| 700 |
1 |
|
|a Putterman, Louis G.
|
| 852 |
4 |
|
|a Ayesha Abed Library
|j General shelf
|
| 999 |
|
|
|c 5768
|d 5768
|
| 952 |
|
|
|0 0
|1 0
|2 ddc
|4 0
|6 330_ECO_199800000000000
|7 0
|9 5707
|a BRACUL
|b BRACUL
|c GEN
|d 2009-11-22
|g 0.00
|l 1
|o 330 ECO
|p 3010010939
|r 2013-10-10
|s 2013-10-03
|t 1
|w 2009-11-22
|y BK
|x No price found in the accession register.
|